Skoki Narciarskie - Imiona i Nazwiska - Statystyki

Ogólne statystyki
  • Ten quiz został rozwiązany 186 razy
  • Średni wynik to 6 z 8
Statystyki odpowiedzi
Zagadnienie Odpowiedź % Poprawnych
Paweł... Wąsek
98%
Halvor.... Eggner Granerud
97%
Timi... Zajc
97%
Kamil... Stoch
96%
Adam... Małysz
93%
Simon... Ammann
70%
Te gusta? Mucho gusto
41%
Kobayashi... Royu
7%
Nie znaleziono quizów pasujących do podanych kryteriów
Rozkład punktacji
Procent ludzi z każdym wynikiem
Percentyl według liczby udzielonych odpowiedzi
Twoja historia wyników
Nie rozwiązałeś tego quizu